000 00372 a2200157 4500
999 _c299084
_d299084
001 64011
003 NUST
005 20180119091535.0
008 180119b xxu||||| |||| 00| 0 eng d
082 _a025 KOC
100 _aKochar, R.S
_99030
245 _aEffective Library systems and practices
_hEnglish
250 _a1
260 _aNew Dehli
_bCommon wealth
_c1999
300 _a371p
500 _aGeneral Books
505 _aNUST Books
942 _aCAENUST
_cBK
_k025 KOC
_2ddc